| 000 | 00513nam a2200169Ia 4500 | ||
|---|---|---|---|
| 999 |
_c7330 _d7330 |
||
| 003 | OSt | ||
| 005 | 20200125095737.0 | ||
| 008 | 190216s9999||||xx |||||||||||||| ||und|| | ||
| 040 | _coclc | ||
| 082 |
_a658.402 _bKOR/E |
||
| 100 |
_aKoroth, Abdul Assis _91079 |
||
| 245 | 0 |
_aEnterprise Resource Planning / _cAbdul Assis Koroth |
|
| 250 | _a3rd ed. | ||
| 260 |
_bCalicut University Central Co-Operative _aCalicut: _c2007. |
||
| 300 | _a247p | ||
| 942 |
_cBK _2ddc _h658.402 _iKOR/E _k658.402 _mKOR/E |
||